Embedded Robotics : (Record no. 11291)
[ view plain ]
| 000 -LEADER | |
|---|---|
| fixed length control field | 00980cam a22002775a 4500 |
| 008 - FIXED-LENGTH DATA ELEMENTS--GENERAL INFORMATION | |
| fixed length control field | 090413t wba frb 001 0 eng d |
| 010 ## - LIBRARY OF CONGRESS CONTROL NUMBER | |
| LC control number | 2006925479 |
| 020 ## - INTERNATIONAL STANDARD BOOK NUMBER | |
| International Standard Book Number | 9783540705338 (softcover : alk. paper) |
| 020 ## - INTERNATIONAL STANDARD BOOK NUMBER | |
| International Standard Book Number | 9783540705338 : |
| 040 ## - CATALOGING SOURCE | |
| Original cataloging agency | EG-ScBUE |
| Language of cataloging | eng |
| Transcribing agency | EG-ScBUE |
| 082 04 - DEWEY DECIMAL CLASSIFICATION NUMBER | |
| Classification number | 629.892 |
| Item number | BRA |
| Edition number | 22 |
| 100 1# - MAIN ENTRY--PERSONAL NAME | |
| Personal name | Braunl, Thomas. |
| 9 (RLIN) | 3624 |
| 245 10 - TITLE STATEMENT | |
| Title | Embedded Robotics : |
| Remainder of title | Mobile robot design and applications with embedded systems / |
| Statement of responsibility, etc | Thomas Braunl. |
| 250 ## - EDITION STATEMENT | |
| Edition statement | 3rd ed. |
| 260 ## - PUBLICATION, DISTRIBUTION, ETC. (IMPRINT) | |
| Place of publication, distribution, etc | Berlin : |
| Name of publisher, distributor, etc | Springer, |
| Date of publication, distribution, etc | c.2008. |
| 300 ## - PHYSICAL DESCRIPTION | |
| Extent | xiv, 541 p. |
| Other physical details | ill.; |
| Dimensions | 24 cm. |
| 500 ## - GENERAL NOTE | |
| General note | Index: p. 533-541. |
| 504 ## - BIBLIOGRAPHY, ETC. NOTE | |
| Bibliography, etc | Includes bibliographical references. |
| 590 ## - LOCAL NOTE (RLIN) | |
| Local note | Mohamed Hussein |
| 650 ## - SUBJECT ADDED ENTRY--TOPICAL TERM | |
| Topical term or geographic name as entry element | Mobile robots. |
| 9 (RLIN) | 3625 |
| Source of heading or term | BUEsh |
| 650 ## - SUBJECT ADDED ENTRY--TOPICAL TERM | |
| Topical term or geographic name as entry element | Robots -- Control systems. |
| 9 (RLIN) | 3626 |
| Source of heading or term | BUEsh |
| 651 ## - SUBJECT ADDED ENTRY--GEOGRAPHIC NAME | |
| Source of heading or term | BUEsh |
| 653 ## - INDEX TERM--UNCONTROLLED | |
| Resource For college | Engineering, Electrical |
| -- | Informatics and Computer Science |
| Arrived date list | August2015 |
| 650 ## - SUBJECT ADDED ENTRY--TOPICAL TERM | |
| 9 (RLIN) | 3627 |
| Topical term or geographic name as entry element | Embedded computer systems |
| General subdivision | Design and construction |
| Source of heading or term | BUEsh |
| 942 ## - ADDED ENTRY ELEMENTS (KOHA) | |
| Item type | Book - Borrowing |
| Call number prefix | 629.892 BRA |
| Source of classification or shelving scheme | Dewey Decimal Classification |
| Withdrawn status | Item status | Source of classification or shelving scheme | Damaged status | Not for loan | Vendor | Home library | Current library | Shelving location | Date acquired | Source of acquisition | Cost, normal purchase price | Serial Enumeration / chronology | Total Checkouts | Total Renewals | Full call number | Barcode | Date last seen | Date last borrowed | Koha item type |
|---|---|---|---|---|---|---|---|---|---|---|---|---|---|---|---|---|---|---|---|
| Dewey Decimal Classification | Baccah | Central Library | Central Library | First floor | 13/04/2009 | Purchase | 440.00 | 376 | 8 | 53 | 629.892 BRA | 000015536 | 15/07/2025 | 11/10/2017 | Book - Borrowing | ||||
| Dewey Decimal Classification | Baccah | Central Library | Central Library | First floor | 13/04/2009 | Purchase | 440.00 | 374 | 6 | 15 | 629.892 BRA | 000015537 | 15/07/2025 | 31/01/2018 | Book - Borrowing | ||||
| Dewey Decimal Classification | Alahram | Central Library | Central Library | First floor | 17/05/2009 | 440.00 | 376 | 2 | 629.892 BRA | 000016191 | 15/07/2025 | 09/02/2012 | NB - Book (Non borrowing) |